How to write an assignment improving your reseach and presentation /

Shranjeno v:
Bibliografske podrobnosti
Glavni avtor: Smith, Poulin
Format: Knjiga
Izdano: Britain : british library. 1994
Teme:
Oznake: Označite
Brez oznak, prvi označite!
Thư viện lưu trữ: Mạng thư viện Đại học Đà Nẵng
LEADER 00878nam a22002531a 4500
001 000037875
003 14170
005 20220725144831.0
008 160412s1994 000
082 |a 428.2  |b SM-P 
100 |a Smith, Poulin 
245 0 |a How to write an assignment improving your reseach and presentation /  |c Poulin Smith. 
260 |c 1994  |a Britain :  |b british library. 
300 |a 111p. : ;  |c 24cm. 
653 |a write  |a presentation 
OWN |a LNN 
AVA |a UDN50  |b LNN  |c English  |d 428.2SM-P  |e available  |t Error 5001 Not defined in file expand_doc_bib_avail.  |f 1  |g 0  |h N  |i 0  |j AN 
999 |a From the UDN01 
AVA |a UDN50  |b LNN  |c English  |d 428.2SM-P  |e available  |t Error 5001 Not defined in file expand_doc_bib_avail.  |f 1  |g 0  |h N  |i 0  |j AN 
TYP |a Monograph 
980 |a Mạng thư viện Đại học Đà Nẵng